<?xml version="1.0" encoding="UTF-8"?>
<record
    xmlns:xsi="http://www.w3.org/2001/XMLSchema-instance"
    xsi:schemaLocation="http://www.loc.gov/MARC21/slim http://www.loc.gov/standards/marcxml/schema/MARC21slim.xsd"
    xmlns="http://www.loc.gov/MARC21/slim">

  <leader>01769nam a2200289 a 4500</leader>
  <controlfield tag="001">1612761</controlfield>
  <controlfield tag="003">OSt</controlfield>
  <controlfield tag="005">20210804133004.0</controlfield>
  <controlfield tag="008">190211s2018    ck a   gr     000 f spa d</controlfield>
  <datafield tag="020" ind1=" " ind2=" ">
    <subfield code="a">9789584261649</subfield>
  </datafield>
  <datafield tag="040" ind1=" " ind2=" ">
    <subfield code="a">CO-BoBLA </subfield>
    <subfield code="b">spa </subfield>
    <subfield code="c">CO-MqBPB</subfield>
  </datafield>
  <datafield tag="043" ind1=" " ind2=" ">
    <subfield code="a">s-ck---</subfield>
  </datafield>
  <datafield tag="082" ind1="0" ind2="4">
    <subfield code="a">JN</subfield>
    <subfield code="b">MENm</subfield>
  </datafield>
  <datafield tag="100" ind1="1" ind2=" ">
    <subfield code="a">Mendoza, Mario, </subfield>
    <subfield code="d">1964-</subfield>
  </datafield>
  <datafield tag="240" ind1="1" ind2="0">
    <subfield code="a">Bogot&#xE1;-Bibliograf&#xED;a regional</subfield>
  </datafield>
  <datafield tag="245" ind1="1" ind2="3">
    <subfield code="a">El mensajero de Agartha 7: </subfield>
    <subfield code="b">El hijo del carpintero/</subfield>
    <subfield code="c">Mario Mendoza ; ilustraciones Book and Play Studio.</subfield>
  </datafield>
  <datafield tag="260" ind1=" " ind2=" ">
    <subfield code="a">Bogot&#xE1; : </subfield>
    <subfield code="b">Editorial Planeta Colombiana, </subfield>
    <subfield code="c">2017.</subfield>
  </datafield>
  <datafield tag="300" ind1=" " ind2=" ">
    <subfield code="a">191 p&#xE1;ginas : </subfield>
    <subfield code="b">ilustraciones ; </subfield>
    <subfield code="c">21 cm.</subfield>
  </datafield>
  <datafield tag="500" ind1=" " ind2=" ">
    <subfield code="a">Ta&#xFA;, el Se&#xF1;or de los Ojos Infinitos, aut&#xE9;ntico rey de la selva, ha desatado su poder maligno en la regi&#xF3;n. Por esos d&#xED;as, empiezan a presentarse numerosos casos de posesiones demon&#xED;acas, muertes y accidentes.

Esta historia llega a o&#xED;dos de Felipe, debido a una extra&#xF1;a estatuilla que encuentra en casa de su amigo Samir, quien ha ca&#xED;do gravemente enfermo y perdido la raz&#xF3;n de manera inexplicable. La estatuilla es una representaci&#xF3;n del Se&#xF1;or de los Ojos Infinitos y contiene un gran poder.

La misi&#xF3;n encomendada esta vez al mensajero de Agartha consiste en realizar, en compa&#xF1;&#xED;a de Elvis y su t&#xED;o, un viaje al Amazonas brasile&#xF1;o, donde deber&#xE1;n encontrarse con Yoi y con Yaur&#xE9; para entregarles la estatuilla, quienes sabr&#xE1;n qu&#xE9; hacer con ella y buscar&#xE1;n la forma de hacer regresar dicha deidad de nuevo al inframundo.</subfield>
  </datafield>
  <datafield tag="650" ind1=" " ind2="4">
    <subfield code="a">Novela juvenil colombiana.</subfield>
  </datafield>
  <datafield tag="650" ind1=" " ind2="4">
    <subfield code="a">Novela fant&#xFFFD;stica.</subfield>
  </datafield>
  <datafield tag="650" ind1=" " ind2="4">
    <subfield code="a">Desastres naturales</subfield>
    <subfield code="v"> Novela juvenil.</subfield>
  </datafield>
  <datafield tag="650" ind1=" " ind2="4">
    <subfield code="a">Viajes</subfield>
    <subfield code="v"> Novela juvenil.</subfield>
  </datafield>
  <datafield tag="710" ind1="2" ind2=" ">
    <subfield code="a">Book and Play Studio, </subfield>
    <subfield code="e">ilustrador.</subfield>
  </datafield>
  <datafield tag="942" ind1=" " ind2=" ">
    <subfield code="2">ddc</subfield>
    <subfield code="c">BKLIT</subfield>
  </datafield>
  <datafield tag="949" ind1=" " ind2=" ">
    <subfield code="a">c    </subfield>
    <subfield code="b">c</subfield>
  </datafield>
  <datafield tag="999" ind1=" " ind2=" ">
    <subfield code="c">13691</subfield>
    <subfield code="d">13691</subfield>
  </datafield>
  <datafield tag="952" ind1=" " ind2=" ">
    <subfield code="0">0</subfield>
    <subfield code="1">0</subfield>
    <subfield code="2">ddc</subfield>
    <subfield code="4">0</subfield>
    <subfield code="7">0</subfield>
    <subfield code="8">LI</subfield>
    <subfield code="a">BPMOS</subfield>
    <subfield code="b">BPMOS</subfield>
    <subfield code="d">2021-08-04</subfield>
    <subfield code="e">COMPRA</subfield>
    <subfield code="l">9</subfield>
    <subfield code="m">1</subfield>
    <subfield code="o">JN MENm</subfield>
    <subfield code="p">MOS501413</subfield>
    <subfield code="r">2026-03-31</subfield>
    <subfield code="s">2026-03-19</subfield>
    <subfield code="t">ej 1</subfield>
    <subfield code="w">2021-08-04</subfield>
    <subfield code="y">BKLIT</subfield>
    <subfield code="z">Quince dias</subfield>
  </datafield>
  <datafield tag="952" ind1=" " ind2=" ">
    <subfield code="0">0</subfield>
    <subfield code="1">0</subfield>
    <subfield code="2">ddc</subfield>
    <subfield code="4">0</subfield>
    <subfield code="7">0</subfield>
    <subfield code="8">LI</subfield>
    <subfield code="a">BPMOS</subfield>
    <subfield code="b">BPMOS</subfield>
    <subfield code="d">2021-08-04</subfield>
    <subfield code="e">COMPRA</subfield>
    <subfield code="l">6</subfield>
    <subfield code="m">3</subfield>
    <subfield code="o">JN MENm</subfield>
    <subfield code="p">MOS501415</subfield>
    <subfield code="r">2025-07-29</subfield>
    <subfield code="s">2025-07-12</subfield>
    <subfield code="t">ej 2</subfield>
    <subfield code="w">2021-08-04</subfield>
    <subfield code="y">BKLIT</subfield>
    <subfield code="z">Quince dias</subfield>
  </datafield>
</record>
